000
00317nam a22001337a 4500
040
_c
NUST
082
_a
670.42
_b
SWI
245
_a
Process Selection :
_b
From design to manufacture /
_c
K. G. Swift
250
_a
Second edition
260
_a
UK
_b
Elsevier
_c
2003.
300
_a
316p.
521
_b
HB
942
_2
ddc
_c
BK
999
_c
606808
_d
606808